En el nombre del padre
Basada en la novela autobiografíca de 1990 Proved Innocent: The Story of Gerry Conlon of the Guildford Four. -- Belfast, años 70. Gerry es un alborotador que no hace nada de útil, para disgusto de su padre Giuseppe, un hombre tranquilo y educado. Cuando Gerry se enfrenta al IRA, su padre lo manda a...
Guardado en:
| Autor Principal: | |
|---|---|
| Autor Corporativo: | |
| Otros Autores: | , , , , |
| Formato: | |
| Idioma: | Undetermined |
| Publicado: |
Irlanda :
Universal Pictures,
1993.
|
| Materias: | |
| Etiquetas: |
Agregar Etiqueta
Sin Etiquetas, Sea el primero en etiquetar este registro!
|
| LEADER | 01822ngm a22002775a 4500 | ||
|---|---|---|---|
| 001 | CEM.cems020233 | ||
| 008 | 230628s1993####xx#---############vlund#d | ||
| 005 | 20230628191104.0 | ||
| 245 | 1 | 0 | |a En el nombre del padre |h [videograbación] / |c Jim Sheridan. |
| 260 | |a Irlanda : |b Universal Pictures, |c 1993. | ||
| 300 | |a 133'. | ||
| 520 | |a Basada en la novela autobiografíca de 1990 Proved Innocent: The Story of Gerry Conlon of the Guildford Four. -- Belfast, años 70. Gerry es un alborotador que no hace nada de útil, para disgusto de su padre Giuseppe, un hombre tranquilo y educado. Cuando Gerry se enfrenta al IRA, su padre lo manda a Inglaterra. Una vez allí, por caprichos del azar, es acusado de participar en un atentado terrorista y condenado a cadena perpetua con "los cuatro de Guildford". También su padre es arrestado y encarcelado. En prisión Gerry descubre que la aparente fragilidad de su padre esconde en realidad una gran fuerza interior. Con la ayuda de una abogada entregada a la causa, Gerry se propone demostrar su inocencia, limpiar el nombre de su padre y hacer pública la verdad sobre uno de los más lamentables errores legales de la historia reciente de Reino Unido. | ||
| 590 | |a Identificación anterior: 80 | ||
| 538 | |a Soporte: DVD -- Formato: DVD Peso: 4.15 gb -- Resolución: 720 x 480 -- 29.97fps | ||
| 500 | |a Título original: In the Name of the Father. | ||
| 100 | 1 | |a Sheridan, Jim. | |
| 700 | 1 | |a George, Terry; Guion. | |
| 700 | 1 | |a Conlon, Gerry; Novela. | |
| 700 | 1 | |a Day-Lewis, Daniel; Reparto. | |
| 700 | 1 | |a Thompson, Emma; Reparto. | |
| 700 | 1 | |a Postlethwaite, Pete; Reparto. | |
| 710 | 2 | |a Hell's Kitchen Films. | |
| 653 | |a LARGOMETRAJE | ||
| 653 | |a FICCIÓN | ||
| 653 | |a ADAPTACIÓN | ||
| 859 | |a CEMS |b BIB. CEMS - Depto. Recursos Didacticos |h 778.5 |i SHE |k DRD |p 3036.23 |t Ej.1 | ||
